000 00424nam a2200169Ia 4500
008 230711s9999||||xx |||||||||||||| ||und||
020 _a978-1-68285-370-2
041 _aENG
082 _a546
_bWI-I
100 _aWilde,Bernard
245 0 _aInorganic Chemistry : Concepts and Applied Principles
250 _a1st Ed.
260 _c2017
_aNew York
_bWillford Press
300 _a229p.
650 _aChemistry
942 _cBK
999 _c6731
_d6731